000 00199 a2200085 4500
020 _a9780714849959
100 _a Peter Plagens
245 _aBruce Nauman: The True Artist
260 _bPhaidon Press
_c 2014
999 _c13248
_d13248